La observación como técnica de evaluación en la etapa de educación infantil /

Detalles Bibliográficos
Autor principal: Torroba Arroyo, Isabel
Formato: Libro
Lenguaje:inglés

MARC

LEADER 00000cam a2200000 a 4500
001 040276
003 UAHC_CL
005 20170803124431.0
008 060714b xx j 000 1 eng
040 |a UAHC_CL  |c UAHC_CL  |d UAHC_CL 
100 1 |a Torroba Arroyo, Isabel 
245 1 3 |a La observación como técnica de evaluación en la etapa de educación infantil /  |c Isabel Torroba. 
500 |a Revista Complutense de Educación. --Vol. 2, Nº2 (1991) pp. 297-308. 
900 |a REV. COMPLUT. EDUC.-02/91 
942 |c BK 
999 |c 40276  |d 40276